000 00654nam a2200277Ia 4500
005 20260324145527.0
008 008 260324s9999 xx 000 0 eng d
020 _a9780203985854
037 _aEBOOK
040 _aCRL
040 _beng
040 _cCRL
041 _2eng
041 _aeng
084 _qCRL
100 _aRichard Brown; John Child; Dr S R Parker
_91223275
245 4 _aThe Sociology of Industry
260 _bTaylor and Francis
260 _c1981
365 _a
365 _b230
856 _uhttp://www.taylorfrancis.com/books/9780203985854
942 _cEBOOK
999 _c1831313
_d1831313